Statistiques concernant One Piece : Commandants équipages

Cliquez ici pour prendre le quiz!

Statistiques générales

  • Ce quiz a été pris 159 fois
  • Le résultat moyen est 22 sur 34

Statistiques - réponses

HintRéponse% Correct
Sanji
100%
LuffyZoro
100%
KaidoKing
96%
Queen
95%
Barbe blancheMarco
93%
Big MomKatakuri
91%
Jack
88%
KidKiller
86%
Jinbe
85%
LawBeppo
83%
DragonSabo
82%
ShanksBen Beckman
77%
Big Mom
75%
Cracker
75%
Kaido
75%
Yasop
73%
Smoothie
72%
XebecBarbe blanche
71%
Lucky roux
71%
Joz
66%
Crocodile
58%
Vista
56%
BaggyMihawk
55%
Aokiji
39%
Van Augur
38%
Karasu
35%
Morley
35%
Penguin
34%
Belo Betty
31%
Heat
29%
Lindbergh
28%
Jean Bart
25%
Barbe noirShiryu
21%
Wire
14%

Distribution des résultats

Percentile par nombre de réponses

% des personnes avec chaque résultat

Votre développement - résultats

Vous n’avez pas pris ce quiz